Statistics for 2020-21 S.S. Lazio Squad

Click here to take the quiz!

General Stats

  • This quiz has been taken 13 times
  • The average score is 19 of 29

Answer Stats

Squad NumberPositionNationalityPlayer% Correct
17STItalianCiro Immobile
92%
6DMBrazilianLucas Leiva
92%
10AMSpanishLuis Alberto
92%
1GKAlbanianThomas Strakosha
92%
20STEcuadorianFelipe Caicedo
85%
33CBItalianFrancesco Acerbi
85%
21CMSerbianSergej Milinković-Savić
85%
11SSArgentineJoaquín Correa
77%
25GKSpanishPepe Reina
77%
26CBRomanianȘtefan Radu
77%
14CBDutchWesley Hoedt
77%
77RBMontenegrinAdam Marušić
69%
92CMIvorianJean-Daniel Akpa Akpro
69%
96LMAlgerianMohamed Farès
69%
4CBSpanishPatric
69%
32CMItalianDanilo Cataldi
62%
3CBBrazilianLuiz Felipe
62%
29RMItalianManuel Lazzari
62%
16CMItalianMarco Parolo
62%
19LMBosnianSenad Lulić
62%
-ManagerItalianSimone Inzaghi
62%
94STKosovanVedat Muriqi
62%
93CBSlovakianDenis Vavro
54%
7AMBrazilianAndreas Pereira
46%
24GKBelgianSilvio Proto
46%
8RMDutchDjavan Anderson
38%
18CMArgentineGonzalo Escalante
31%
13CBItalianNicolò Armini
15%
80CMMoroccanSofian Kiyine
0%

Score Distribution

Percentile by Number Answered

Percent of People with Each Score

Your Score History

You have not taken this quiz